000 00614nam a2200241Ia 4500
003 OSt
005 20221006145535.0
006 a|||||r|||| 00| 0
007 ta
008 221006b |||||||| |||| 00| 0 eng d
020 _c16.00
024 _a15,211
037 _cTextual
040 _aEASL
_cEASL
_beng
041 _2eng
_aeng
100 _aLAU Chung Him
_9654676
245 0 _aNames of an other in Chinese & English
260 _aHong Kong
_bChing Hin
_c1961
300 _a552p.
_ccm.
700 _a YAO
_9654677
942 _cTEXL
_2CC
999 _c1083297
_d1083297